El derecho de la información (Record no. 153713)

MARC details
000 -LEADER
fixed length control field nam a22 7a 4500
005 - DATE AND TIME OF LATEST TRANSACTION
control field 20200120112304.0
008 - FIXED-LENGTH DATA ELEMENTS--GENERAL INFORMATION
fixed length control field 200120b sp ||||| |||| 00| 0 spa d
020 ## - INTERNATIONAL STANDARD BOOK NUMBER
International Standard Book Number 8436243188
050 04 - LIBRARY OF CONGRESS CALL NUMBER
Classification number KKT2476
Item number D47 2001
245 03 - TITLE STATEMENT
Title El derecho de la información
Statement of responsibility, etc / coordinadores Pedro J. Tenorio Sánchez, Carmen Fernández Miranda.
250 ## - EDITION STATEMENT
Edition statement 1a ed.
260 ## - PUBLICATION, DISTRIBUTION, ETC. (IMPRINT)
Place of publication, distribution, etc Madrid, España :
Name of publisher, distributor, etc Universidad Nacional de Educación a Distancia,
Date of publication, distribution, etc 2001.
300 ## - PHYSICAL DESCRIPTION
Extent 382 p. ;
Dimensions 24 cm.
490 0# - SERIES STATEMENT
Series statement Estudios de la UNED ;
Volume number/sequential designation 33041.
650 #7 - SUBJECT ADDED ENTRY--TOPICAL TERM
Source of heading or term lemb
Topical term or geographic name as entry element Libertad de información
Geographic subdivision España
700 1# - ADDED ENTRY--PERSONAL NAME
Personal name Tenorio Sánchez, Pedro J.,
Relator term coordinador
700 1# - ADDED ENTRY--PERSONAL NAME
Personal name Fernández Miranda, Carmen,
Relator term coordinador
942 ## - ADDED ENTRY ELEMENTS (KOHA)
Source of classification or shelving scheme Biblioteca del Cogreso de los Estados Unidos
Koha item type Libro
Holdings
Estado de pérdida Fuente de clasificación Estado del daño No para préstamo Ubicación permanente Ubicación actual Apartado o colección Fecha de adquisición Fuente de adquisición Edición Dependencia de educación superior (DES) Área del conocimiento Clasificación Código de Barras Date last seen Número de copia Costo por reposición Tipo de recurso
  Biblioteca del Cogreso de los Estados Unidos     Biblioteca del Posgrado en Derecho Biblioteca del Posgrado en Derecho Colección Ernesto Villanueva 20/01/2020 Donación 1a ed. Derecho Ciencias Sociales y Administrativas KKT2476 D47 2001 BPD000001105 20/01/2020 1 1.00 Libro